000
00255 a2200121 4500
001
61528
082
_a
909 ATH
090
_c
37075
_d
37075
100
_a
Athar
245
_a
The Glorious Caliphate
260
_a
Karachi
_b
Darul Ishaat
_c
1997
300
_a
266
942
_a
caenust
_k
909 ATH
999
_c
296601
_d
296601